[Event "Bellevue PNWCC Artist Point"]
[Site "Bellevue"]
[Date "2024.08.30"]
[Round "2"]
[White "Yang, Alexander"]
[Black "Willy, Stephen"]
[Result "0-1"]
[WhiteElo "2060"]
[BlackElo "2320"]
[PlyCount "118"]
[EventDate "2024.08.29"]
[EventType "tourn"]
[EventRounds "9"]
[EventCountry "USA"]
[EventCategory "1"]
[SourceTitle "EXT 2025"]
[Source "ChessBase"]
[SourceDate "2024.10.14"]
[SourceVersion "1"]
[SourceVersionDate "2024.10.14"]
[SourceQuality "1"]

1. Nf3 f5 2. c4 Nf6 3. b4 e6 4. a3 a5 5. b5 d5 6. e3 Bd6 7. Bb2 Nbd7 8. d4 b6 9. Nc3 Bb7 10. Qb3 Qe7 11. Rc1 0-0-0 12. Bd3 f4 13. Na4 fxe3 14. fxe3 e5 15. c5 bxc5 16. dxc5 Nxc5 17. Nxc5 Bxc5 18. Bxe5 Bb6 19. Bd4 Kb8 20. Bf5 Ne4 21. 0-0 Rhf8 22. Ne5 Nd2 23. Qd3 Nc4 24. Nxc4 dxc4 25. Qxc4 Qg5 26. Bh3 Rxf1+ 27. Kxf1 Qh4 28. Qf7 Rxd4 29. exd4 Qxd4 30. Qe8+ Ka7 31. Ke2 Qb2+ 32. Kd1 Bd5 33. Rc2 Bb3 34. Bf5 Qd4+ 35. Kc1 a4 36. Be4 Qe3+ 37. Kb1 Bxc2+ 38. Kxc2 Qe2+ 39. Kc3 Qe3+ 40. Kc2 Qe2+ 41. Kc3 Ba5+ 42. Kd4 Qd2+ 43. Ke5 Qg5+ 44. Ke6 Qg4+ 45. Kf7 Qh5+ 46. Kf8 Qxe8+ 47. Kxe8 Kb6 48. Bxh7 Kxb5 49. Bd3+ Kb6 50. Bc2 Kb5 51. Kd7 c5 52. Kd6 Bb4 53. axb4 a3 54. bxc5 a2 55. c6 a1Q 56. c7 Qa8 57. Kd7 Qc6+ 58. Kd8 Qd6+ 59. Ke8 Qxc7 0-1

[Event "PNWCC vs Europe Hybrid 08"]
[Site "Chess.com INT"]
[Date "2022.08.22"]
[Round "7"]
[White "Rahnev, Alexandr"]
[Black "Yang, Alexander"]
[Result "0-1"]
[WhiteElo "1936"]
[BlackElo "1837"]
[PlyCount "36"]
[EventDate "2022.08.19"]
[EventType "team-match"]
[EventRounds "8"]
[EventCountry "USA"]
[SourceTitle "EXT 2024"]
[Source "ChessBase"]
[SourceDate "2023.10.10"]
[SourceVersion "1"]
[SourceVersionDate "2023.10.10"]
[SourceQuality "1"]
[WhiteTeam "Europe"]
[BlackTeam "PNWCC"]
[BlackTeamCountry "USA"]

1. c4 e6 2. Nf3 d5 3. e3 Nf6 4. b3 Be7 5. Bb2 b6 6. Be2 Bb7 7. Nc3 c5 8. 0-0 0-0 9. d4 cxd4 10. exd4 Nc6 11. Rc1 Rc8 12. Ne5 dxc4 13. Nxc6 Bxc6 14. bxc4 Ne4 15. Qb3 Nd2 16. Qc2 Nxf1 17. Bxf1 Bf6 18. Ne4 Bxd4 0-1

[Event "PNWCC vs Europe Hybrid 08"]
[Site "Chess.com INT"]
[Date "2022.08.20"]
[Round "3"]
[White "Krivoshiyski, Asen"]
[Black "Yang, Alexander"]
[Result "0-1"]
[WhiteElo "1894"]
[BlackElo "1837"]
[PlyCount "102"]
[EventDate "2022.08.19"]
[EventType "team-match"]
[EventRounds "8"]
[EventCountry "USA"]
[SourceTitle "EXT 2024"]
[Source "ChessBase"]
[SourceDate "2023.10.10"]
[SourceVersion "1"]
[SourceVersionDate "2023.10.10"]
[SourceQuality "1"]
[WhiteTeam "Europe"]
[BlackTeam "PNWCC"]
[BlackTeamCountry "USA"]

1. d4 e6 2. e4 b6 3. Nd2 Bb7 4. c3 c5 5. Bd3 Nf6 6. Ne2 Nc6 7. 0-0 Be7 8. dxc5 bxc5 9. Nf3 Rc8 10. Ng3 Qc7 11. Bg5 Ng4 12. Bxe7 Nxe7 13. h3 Ne3 14. fxe3 Qxg3 15. Qe2 Ng6 16. Qf2 Qxf2+ 17. Rxf2 f6 18. Rd1 Ke7 19. Rfd2 Rhd8 20. Kf2 d6 21. h4 h5 22. g3 Rc7 23. a3 Bc6 24. Bc2 Rcd7 25. b4 a5 26. bxc5 dxc5 27. Rxd7+ Rxd7 28. Rxd7+ Kxd7 29. Nd2 Ne5 30. Nb3 Nc4 31. Bd3 Nxa3 32. Nxa5 Bb5 33. Bxb5+ Nxb5 34. c4 Nd6 35. Kf3 Kc7 36. Nb3 Kb6 37. Nd2 Ka5 38. Ke2 Kb4 39. Kd3 e5 40. Nb1 Nxc4 41. Nc3 Nxe3 42. Na2+ Ka3 43. Nc3 Kb3 44. Nd5 Nf1 45. g4 hxg4 46. Nxf6 c4+ 47. Ke2 Ng3+ 48. Kf2 gxf6 49. Kxg3 c3 50. h5 c2 51. h6 c1Q 0-1

[Event "PNWCC vs Europe Hybrid 08"]
[Site "Chess.com INT"]
[Date "2022.08.19"]
[Round "2"]
[White "Atanasov, Radislav"]
[Black "Yang, Alexander"]
[Result "1/2-1/2"]
[WhiteElo "2081"]
[BlackElo "1837"]
[PlyCount "116"]
[EventDate "2022.08.19"]
[EventType "team-match"]
[EventRounds "8"]
[EventCountry "USA"]
[SourceTitle "EXT 2024"]
[Source "ChessBase"]
[SourceDate "2023.10.10"]
[SourceVersion "1"]
[SourceVersionDate "2023.10.10"]
[SourceQuality "1"]
[WhiteTeam "Europe"]
[BlackTeam "PNWCC"]
[BlackTeamCountry "USA"]

1. d4 e6 2. Nf3 b6 3. e4 Bb7 4. Bd3 Nf6 5. Nbd2 Be7 6. 0-0 d5 7. e5 Ne4 8. Re1 Ng5 9. Nxg5 Bxg5 10. Qh5 Ba6 11. Nf3 Bxc1 12. Raxc1 Bxd3 13. cxd3 Na6 14. Ng5 Qe7 15. Rc6 g6 16. Qh6 Qf8 17. Qh3 0-0-0 18. a3 Qe7 19. Qe3 Kb7 20. Rec1 Rd7 21. b4 Nb8 22. R6c2 c6 23. f4 h6 24. Nf3 Rg8 25. h4 Rc8 26. g3 Rdc7 27. Qd2 Nd7 28. Rb1 Nf8 29. Kg2 Nh7 30. f5 gxf5 31. Qxh6 Rh8 32. Rbc1 Qf8 33. Qf4 a6 34. Ng1 Rg8 35. Ne2 Rg4 36. Qf2 Qg7 37. Kh2 f6 38. Nf4 Qe7 39. Re2 Nf8 40. Rce1 Ng6 41. exf6 Qh7 42. Nxg6 Qxg6 43. Rxe6 f4 44. gxf4 Qh5 45. Kh3 Qf5 46. Kh2 Rxf4 47. Qg3 Rg4 48. R1e5 Qg6 49. Qh3 Rxd4 50. h5 Qh6 51. f7 Qf4+ 52. Qg3 Qxf7 53. h6 Rf4 54. Rg6 Rf2+ 55. Kh1 Rf1+ 56. Kh2 Rf2+ 57. Kh1 Rf1+ 58. Kh2 Rf2+ 1/2-1/2